1457 1914 1561 1964 1061 1648 1487 1865 1534 1415 1337 1275 1106 1538 1330 1148 1008 1331 1782 1860 1345 1980 1249 1601 1596 1479 1619 1906 1419 1293 1684 1537 1504 1262 1163 1129 1628 1340 1953 1661 1957 1481 1895 1301 1831 1063 1035 1207 1469 1825 1590 1140 1062 1095 1420 1563 1898 1953 1432 1105 1848 1777 1769 1422 1453 1870 1201 1261 1489 1279 1113 1287 1888 1803 1492 1581 1076 1223 1342 1083 1893 1839 1963 1358 1456 1362 1480 1582 1888 1686 1293 1720 1625 1215 1588 1762 1252 1574 1700 BCNSPRNW ULIB Ver.6.0+V

เปลี่ยนเป็นภาษาไทย

Change to English
 แสดงรายละเอียดบรรณานุกรม
  กลับหน้าหลัก

Brief Record : Get Marc (ISO 2709) : E-mail record : QR code < ปิดหน้าต่าง
LEADER : 00000nam 2200000uu 4500
001    13399114841
003     ULIB
008    110627s2555||||th 000 0 tha d
090    นว.^bว918G
100 0  เวสต์ แคลร์
245 00 ภูตทรายจอมซ่ากับห้าพี่น้องสุดแสบ/^cเวสต์ แคลร์
250    พิมพ์ครั้งที่ 1
260    กรุงเทพฯ :^bซีเอ็ดยูเคชั่น,^c2555-
300     หน้า
945    ^p0^l0^i028109
995    ทศพร
999 ^a ใช้งานได้ทุกระบบ
รายการนี้ยังไม่มีแท็ก
คุณยังไม่ได้ล็อกอิน คุณสามารถมีกิจกรรมร่วมกับเว็บไซต์ได้ แต่ต้องล็อกอินก่อน ::
  ล็อกอิน

รายการสื่อสารสนเทศ

ลำดับที่ ประเภท เลขเรียก/บาร์โค้ด สถานที่ สถานะ
1. นวนิยาย
นวนิยาย
นว. ว918G ฉ.1 
  Barcode: 028109
ห้องสมุดวิทยาเขตสวรรค์ประชารักษ์
►นวนิยาย
บนชั้น
  ขอยืม

รายการใกล้เคียง
    ผู้แต่ง [เวสต์ แคลร์]

BibComment


ยังไม่เคยถูกคอมเมนท์

คอมเมนท์ทรัพยากรรายการนี้
  คอมเมนท์: ภูตทรายจอมซ่ากับห..


 Copyright 2026. Bcnsprnw @Library